000
00327nam a22001457a 4500
008
210322b ||||| |||| 00| 0 eng d
020
_a
9780787957155
041
_a
eng
080
_2
3rd
_a
61
082
_a
61
100
_a
3
101
_a
SHM
245
_a
Health Behavior and Health Education
_c
Glanz, K
942
_2
udc
_c
BK
999
_c
56668
_d
56668